[Event "10th KiiT Festival 2017"]
[Site "Bhubaneshwar"]
[Date "2017.06.02"]
[Round "10"]
[White "Rathnakaran, K."]
[Black "Singh, S  Vikramjit"]
[Result "1-0"]
[WhiteElo "2378"]
[BlackElo "2213"]
[Annotator "TA"]
[PlyCount "77"]
[EventDate "2017.05.26"]
[EventType "swiss"]
[EventCountry "IND"]
[SourceTitle "playchess.com"]
[Source "ChessBase"]
[SourceQuality "1"]

{[%evp 20,77,25,24,31,33,49,-43,26,15,29,29,29,26,104,113,111,83,94,95,119,122,137,151,138,140,199,179,354,361,335,363,383,436,444,418,412,331,417,389,380,404,510,502,501,481,621,616,655,668,985,973,952,826,790,736,12839,12839,29986,29987]} 1. e4 c5 2. Nf3 d6 3. d4 cxd4 4. Nxd4 Nf6 5. Nc3 Nc6 6. Be3 e5 7. Nb3 Be7 8. f3 O-O 9. Qd2 Be6 10. O-O-O a5 11. Bb5 Nb4 {B56: Classical Sicilian: Unusual Lines} 12. Kb1 (12. a3 d5 13. axb4 d4 14. Nxd4 exd4 15. Qxd4 Qxd4 16. Rxd4 axb4 17. Nb1 Rfc8 18. c4 bxc3 19. bxc3 {0-1 (33) Fedorov,A (2603)-Ivanchuk,V (2711) Moscow 2005}) 12... d5 13. Bc5 $146 (13. exd5 $14 Nbxd5 14. Nxd5 Nxd5 15. Bc4 Nxe3 16. Qxe3) ({Predecessor:} 13. Nxd5 Nbxd5 14. exd5 Nxd5 15. Qf2 Qc7 16. Bc5 a4 17. Bxe7 axb3 18. Bxf8 Ne3 19. axb3 {½-½ (57) Radeva,V (1906)-Yordanova,S (2084) Kozloduy 2014}) 13... Rc8 (13... d4 $15 14. Bxe7 Qxe7) 14. Na4 Bxc5 15. Nbxc5 dxe4 16. Qxd8 Rfxd8 (16... Bxa2+ $11 17. Ka1 Rfxd8) 17. Rxd8+ $16 Rxd8 {[#]} 18. a3 $1 {[%cal Ra3b4]} Nbd5 19. fxe4 Ne3 20. Nxb7 Rd2 21. Bd3 Rxg2 22. Nxa5 Nfg4 (22... Neg4 $16) 23. Nc5 $18 Bc8 $2 (23... Kf8 {was necessary.} 24. Nxe6+ fxe6) 24. Nc6 Kf8 25. a4 Nf2 26. Re1 Nxd3 27. cxd3 ({Weaker is} 27. Nxd3 Bb7 $16) 27... Nc2 28. Rh1 Nd4 {[#]} 29. Nxd4 $1 exd4 {[%mdl 4096] Endgame KRB-KRN} 30. a5 Rg6 31. b4 Ke7 32. Kc2 h5 33. Kb3 h4 34. Ra1 Rg2 35. a6 Bxa6 36. Nxa6 Rxh2 37. b5 Kd6 38. Rc1 Rd2 39. Nb4 {Precision: White = 82%, Black = 28%.} 1-0

[Event "10th KiiT Festival 2017"]
[Site "Bhubaneshwar"]
[Date "2017.06.02"]
[Round "10"]
[White "Ravi, Teja S"]
[Black "Amonatov, Farrukh"]
[Result "0-1"]
[WhiteElo "2369"]
[BlackElo "2632"]
[Annotator "TA"]
[PlyCount "107"]
[EventDate "2017.05.26"]
[EventType "swiss"]
[EventCountry "IND"]
[SourceTitle "playchess.com"]
[Source "ChessBase"]
[SourceQuality "1"]

{[%evp 11,107,20,37,35,55,0,0,0,73,12,14,0,8,20,20,-2,10,-11,4,0,0,-8,-10,-7,-7,-24,-2,-2,-6,0,12,-20,-26,-14,-18,-14,-16,-19,-12,-108,-47,-46,-15,-46,-54,-58,-45,-59,-45,-35,0,-35,-13,-17,-21,-77,-14,-23,-28,-20,-9,-37,-36,-43,-51,-81,-8,-29,0,-43,-26,-79,-63,-90,-90,-100,-100,-112,-111,-112,-112,-107,-88,-99,-35,-87,-67,-67,-67,-12836,-12836,-12837,-12839,-12838,-12839,-12838,-12839,-29993]} 1. d4 Nf6 2. Nf3 g6 3. g3 Bg7 4. Bg2 O-O 5. O-O c5 6. d5 d6 7. Nc3 {A43: Schmid Benoni} e6 (7... Na6 8. e4 Bg4 9. h3 Bxf3 10. Qxf3 Nd7 11. Qe2 Nc7 12. a4 b6 13. Bg5 h6 14. Be3 a6 15. Ra2 Rb8 16. Rfa1 b5 17. axb5 axb5 {1-0 (60) Kunin,V (2556)-Bologan,V (2607) Berlin 2015}) 8. Nd2 (8. Bf4 $14) 8... exd5 $146 ({Predecessor:} 8... e5 9. Nc4 Ne8 10. f4 Nd7 11. e4 exf4 12. Bxf4 Nb6 13. Qd3 Nxc4 14. Qxc4 {0-1 (54) Macko,M (2173)-Pejko,O (2212) Slovakia 2008}) 9. Nxd5 {The position is equal.} Nbd7 (9... Nxd5 $11 10. Bxd5 Nc6) 10. Nc4 (10. Nc3 $1 $16) 10... Nxd5 11. Qxd5 Nb6 12. Nxb6 Qxb6 13. Qb3 Re8 14. e3 Qc7 15. c4 Be6 16. Bd2 b5 17. Qxb5 Rab8 18. Qa4 Bxb2 (18... Bd7 $5 {[%cal Rd7a4]} 19. Qa5 Qxa5 20. Bxa5 Rxb2 $15) 19. Rab1 {Hoping for Rxb2!} Qe7 20. Qc2 Qf6 21. Qd3 Bf5 22. e4 Be6 23. Qc2 Bd4 {And now ...Rxb1 would win.} 24. Rb3 Bd7 25. Rf3 (25. Qb1 $11 {remains equal.} Rbd8 26. Rb7) 25... Qe6 ({Better is} 25... Rb2 $17 26. Qc1 Qe5) 26. Ra3 $1 $15 Rb7 27. Qd3 Bc6 {[%cal Rc6e4]} 28. Bc3 Bxc3 29. Qxc3 Rb4 30. Rc1 Re7 31. Rb3 a5 32. Qd2 Reb7 33. Rd3 (33. h4 $11 {keeps the balance.}) 33... Rxc4 (33... Rb1 $1 $17 34. Rb3 Rxc1+ 35. Qxc1 Rxb3 36. axb3 Bxe4 37. Bxe4 Qxe4) 34. Rd1 $11 Rd7 35. Qxa5 h5 ({Of course not} 35... Bxe4 $6 36. Re3 $16) 36. Re1 Rc2 37. Qb6 Bb7 38. a4 c4 (38... Qa2 $1 $17 39. Rf1 Rb2) 39. Rde3 Qe5 (39... Qf6 $5 {[%cal Rf6f2]} 40. Rf3 Qe5 $11) 40. Rb1 (40. f4 $5 {[%cal Rf4e5]} Qc5 41. Qxc5 dxc5 42. R3e2 Rxe2 43. Rxe2 $11) 40... c3 41. a5 (41. Bf1 $11) 41... Rd2 42. a6 {[#]} c2 $1 {Strongly threatening ...Rd1+.} 43. axb7 Rxb7 44. Qxb7 Rd1+ 45. Rxd1 cxd1=Q+ 46. Bf1 {[#]} h4 $1 {[%mdl 512]} 47. Rd3 (47. gxh4 Qg4+) 47... Qe1 (47... Qg4 $17 48. Qb4 Qgxe4 49. Qb8+ Qe8 50. Qxd6 Q8a8 51. Qd8+ Qxd8 52. Rxd8+ Kg7) 48. Re3 (48. Rf3 $1 $15 Qe6 49. Qb8+ Kg7 50. Qb2+ Kh7 51. Qb7) 48... Qc1 49. Rf3 Qe6 $40 {[%mdl 128] White must now prevent ...Qec4. Black mounts an attack.} 50. gxh4 $2 {[%mdl 8192] [#]} (50. Qb6 $15) 50... Qec4 $1 $19 {[%csl Gc1][%cal Rc4f1] Black is clearly winning.} 51. Qb8+ Kh7 {[%csl Gc1][%cal Rc4f1]} 52. Rxf7+ Qxf7 53. Qxd6 Qcf4 54. Qd4 {Precision: White = 28%, Black = 45%.} 0-1

[Event "10th KiiT Festival 2017"]
[Site "Bhubaneshwar"]
[Date "2017.06.02"]
[Round "10"]
[White "Rathanvel, V S"]
[Black "Harshavardhan G B"]
[Result "1-0"]
[WhiteElo "2361"]
[BlackElo "2157"]
[Annotator "TA"]
[PlyCount "139"]
[EventDate "2017.05.26"]
[EventType "swiss"]
[EventCountry "IND"]
[SourceTitle "playchess.com"]
[Source "ChessBase"]
[SourceQuality "1"]

{[%evp 19,138,16,31,18,32,32,50,22,34,14,39,48,85,83,90,83,88,88,84,102,109,85,110,104,129,126,156,113,107,78,57,58,60,59,54,58,115,112,141,143,410,403,402,398,381,385,374,341,483,484,472,461,468,425,412,384,416,425,509,508,550,500,584,570,595,589,564,583,512,488,713,710,681,650,1020,1015,6011,3435,5831,5393,5903,5895,1869,1210,1741,1741,1260,1245,29964,29968,29979,29969,6337,5039,29988,29989,29989,29982,29982,29983,29991,29992,29992,29993,29993,29993,29994,29994,29994,29994,29994,29994,29995,29996,29996,29997,29997,29998,29998,29999,29999]} 1. e4 c5 2. Nf3 e6 3. d4 cxd4 4. Nxd4 a6 5. c4 Nf6 6. Nc3 Bb4 7. Qd3 Qc7 8. Be2 Nc6 9. Nxc6 dxc6 10. O-O e5 {LiveBook: 5 Games. B41: Sicilian: Kan Variation: 5 c4} (10... O-O 11. Rd1 e5 12. Bg5 Be7 13. Qg3 Re8 14. Rac1 b6 15. h4 Kh8 16. Be3 Bb7 17. f3 Nd7 18. Qf2 {1-0 (68) Becerra Rivero,J (2558)-Nakamura,H (2568) New York 2003}) 11. Bg5 Be7 $146 ({Predecessor:} 11... Be6 12. Rac1 Rd8 13. Qf3 Qe7 14. a3 Bc5 15. b4 Bd4 16. Nd1 h6 17. Bxf6 Qxf6 18. Qxf6 gxf6 {½-½ (41) Sarana,A (2411)-Harsha,B (2296) Durban 2014}) 12. Qg3 O-O {White is slightly better.} 13. Bh6 {[%csl Gh6][%cal Rg3g7] [#]} Ne8 14. Rac1 Bd7 15. Be3 b6 16. Rfd1 $36 {[%mdl 2048] White is really pushing.} Rb8 17. f4 Bc5 {...exf4 is the strong threat.} 18. f5 Bxe3+ 19. Qxe3 Nf6 20. c5 bxc5 21. b3 ({Of course not} 21. Bxa6 $6 Qa7 $11) ({Reject} 21. Qxc5 $6 Rxb2 22. Bxa6 Ra8 $11) 21... c4 22. Bxc4 Qa5 23. h3 Rfd8 24. Rd6 Be8 25. Rcd1 Rxd6 26. Rxd6 Qa3 27. Rd1 Qa5 (27... Ra8 $14) 28. Kh2 $16 h6 29. Qa7 Rd8 $2 {[%mdl 8192]} (29... Rc8 $16 {might work better.}) 30. b4 $18 Qxb4 {[#] Hoping for ...Rxd1.} 31. Bxf7+ $1 {[%mdl 512]} Bxf7 32. Rxd8+ Be8 33. Qe3 Qa3 (33... Kf8 $142 34. Qd3 h5) 34. Nd5 Qxe3 35. Nxe3 {[%mdl 4096] Endgame KRN-KBN} Kf7 36. Nc4 Ke7 37. Rd1 Nxe4 38. Re1 Nc3 39. Rxe5+ Kd8 40. Ra5 Bf7 41. Ne5 Bd5 42. Rxa6 Kc7 43. Ra7+ Kd6 44. Ng4 Nxa2 (44... h5 $142 45. Ne3 (45. Rxg7 hxg4 46. h4 Be4 $16) 45... Bxa2 46. Rxg7 Ke5 47. Re7+ Kf6) 45. Rxg7 h5 46. Rg6+ Ke7 47. Ne5 c5 48. Ra6 Nc3 49. f6+ Kf8 50. Rb6 {[%cal Rb6b8]} Kg8 51. Rb8+ Kh7 52. f7 Bxf7 53. Rb7 c4 54. Rxf7+ Kh6 55. Nxc4 Ne4 56. Rf4 Ng5 57. h4 {White mates.} Nh7 58. Ne5 Kg7 59. Rf7+ Kh6 60. Kh1 Nf8 61. Rxf8 Kg7 62. Rf5 Kh6 63. Rg5 Kh7 64. Kh2 Kh6 65. Kg3 Kh7 66. Kf4 Kh6 67. Kf5 Kh7 68. Kf6 Kh6 69. Kf7 Kh7 70. Rxh5# {Precision: White = 71%, Black = 27%.} 1-0

[Event "10th KiiT Festival 2017"]
[Site "Bhubaneshwar"]
[Date "2017.06.02"]
[Round "10"]
[White "Saravana, Krishnan P"]
[Black "Wagh Suyog"]
[Result "*"]
[WhiteElo "2345"]
[BlackElo "2138"]
[Annotator "TA"]
[PlyCount "84"]
[EventDate "2017.05.26"]
[EventType "swiss"]
[EventCountry "IND"]
[SourceTitle "playchess.com"]
[Source "ChessBase"]
[SourceQuality "1"]

{[%evp 14,84,26,14,18,22,29,0,27,27,45,27,30,27,37,37,47,50,106,92,180,179,172,170,177,174,195,166,150,133,150,137,171,163,226,222,228,226,227,211,227,211,225,217,213,197,269,269,270,229,204,0,277,276,282,240,253,246,327,299,296,287,310,290,287,285,277,267,636,138,674,97,29993]} 1. e4 c5 2. Nf3 d6 3. Bc4 Nf6 4. Qe2 Nc6 5. c3 Bg4 6. h3 Bxf3 7. Qxf3 g6 {B50: Sicilian: 2...d6, Miscellaneous} 8. O-O {LiveBook: 5 Games} (8. Bb5 Bg7 9. e5 Nd7 10. exd6 Nde5 11. Qd5 Qb6 12. d7+ Nxd7 13. Na3 Rd8 14. Bxc6 bxc6 15. Qe4 {0-1 (49) Bartel,M (2623)-Laznicka,V (2676) Germany 2015}) 8... Bg7 9. Bb3 O-O {The position is equal.} 10. Qe2 a6 11. d3 b5 12. Nd2 {[%cal Bb1d2,Bd2f3,Bf3g5,Bg5e6][%mdl 32]} Nd7 $146 ({Predecessor:} 12... e6 13. Nf3 d5 {1-0 (52) Pelikian,J (2387)-Farhat,B (2071) Santos 2001}) 13. Nf3 Qa5 14. Bd2 Rac8 15. Ng5 Qb6 {[#]} (15... Qc7 $14) 16. Ne6 $1 $16 {[%mdl 512]} fxe6 (16... Rfe8 $16) 17. Bxe6+ $18 Kh8 {Strongly threatening ...Rc7.} 18. Bxd7 Rcd8 19. Be6 b4 20. Rab1 Rb8 21. Bb3 a5 22. Kh2 Qb5 23. f4 bxc3 (23... Qa6 $142 24. Be6 Qb7) 24. bxc3 Na7 25. a4 Qd7 26. Qg4 Qe8 27. Kh1 Rb6 28. Bc2 Rxb1 29. Rxb1 Qf7 (29... Nc6 $142 30. Rb7 e6) 30. Bb3 Qe8 31. Qe6 Nc6 32. Qg4 $2 {[#]} (32. g3 $18) 32... h5 $2 {[%mdl 8192]} (32... Na7 $1 $11 33. Kh2 Bf6) 33. Qg3 Nd8 34. Rf1 Bh6 35. Qe1 Bg7 36. f5 Nc6 37. fxg6 Qxg6 38. Rxf8+ Bxf8 39. Qf2 Kg7 40. Bd5 c4 $2 (40... Ne5 41. d4 e6 42. dxe5 exd5 43. exd5 dxe5) 41. Qe2 $2 (41. Bxc6 $18 {is more deadly.} cxd3 42. Qd4+ Kh7 43. Bd7) 41... h4 $2 {[%mdl 8192]} (41... cxd3 $16 42. Qxd3 Ne5) 42. g4 $2 (42. Bxc6 $18 {has better winning chances.} cxd3 43. Qxd3) 42... Qxe4+ $2 {[%mdl 8192] Precision: White = 59%, Black = 23%.} (42... cxd3 $16 43. Qxd3 Ne5) *

[Event "10th KiiT Festival 2017"]
[Site "Bhubaneshwar"]
[Date "2017.06.02"]
[Round "10"]
[White "Saravana, Krishnan P"]
[Black "Wagh Suyog"]
[Result "1-0"]
[WhiteElo "2345"]
[BlackElo "2138"]
[Annotator "TA"]
[PlyCount "241"]
[EventDate "2017.05.26"]
[EventType "swiss"]
[EventCountry "IND"]
[SourceTitle "playchess.com"]
[Source "ChessBase"]
[SourceQuality "1"]

{[%evp 12,241,5,8,15,14,17,27,24,0,20,25,27,15,24,23,31,29,33,34,82,90,159,180,151,158,181,174,198,156,161,134,144,104,158,156,219,201,226,220,234,228,239,227,237,205,222,211,295,268,276,241,238,0,291,276,318,268,262,264,359,346,329,316,291,294,295,321,314,266,285,268,370,370,354,352,298,264,466,456,447,428,450,443,368,345,350,328,550,548,817,808,735,669,906,870,914,716,729,710,945,990,892,951,910,852,693,462,12840,12841,12840,12840,29990,841,470,0,12833,12834,5181,12835,452,324,12842,12843,12845,12846,12846,12840,12841,12842,12844,12843,12843,12843,12844,12844,12845,128,128,128,128,128,128,128,128,128,128,128,128,128,128,128,128,128,128,128,128,128,128,128,128,128,128,128,128,128,128,128,128,128,128,128,128,128,128,128,128,128,128,128,128,128,128,128,128,0,128,0,128,135,128,128,12845,12845,12845,12844,12845,12845,12845,0,0,0,0,0,0,0,0,0,0,0,0,0,12847,12847,12848,12848,12849,12849,12850,12850,12850,29986,12851,29987,12851,29988,12851,29989,12851,29991,12851,29993]} 1. e4 c5 2. Nf3 d6 3. Bc4 Nf6 4. Qe2 Nc6 5. c3 Bg4 6. h3 Bxf3 7. Qxf3 g6 {B50: Sicilian: 2...d6, Miscellaneous} 8. O-O (8. Bb5 Bg7 9. e5 Nd7 10. exd6 Nde5 11. Qd5 Qb6 12. d7+ Nxd7 13. Na3 Rd8 14. Bxc6 bxc6 15. Qe4 {0-1 (49) Bartel,M (2623)-Laznicka,V (2676) Germany 2015}) 8... Bg7 9. Bb3 O-O {White has an edge.} 10. Qe2 a6 11. d3 b5 12. Nd2 {[%cal Bb1d2,Bd2f3,Bf3g5,Bg5e6][%mdl 32]} Nd7 $146 ({Predecessor:} 12... e6 13. Nf3 d5 {1-0 (52) Pelikian,J (2387)-Farhat,B (2071) Santos 2001}) 13. Nf3 Qa5 14. Bd2 Rac8 15. Ng5 Qb6 16. Ne6 fxe6 ({Black should try} 16... Rfe8) 17. Bxe6+ $16 Kh8 18. Bxd7 Rcd8 19. Be6 b4 20. Rab1 Rb8 21. Bb3 a5 22. Kh2 Qb5 (22... Qa6 $142) 23. f4 bxc3 (23... Na7 $16 {keeps fighting.} 24. f5 Qe8 25. fxg6 Rxf1 26. Rxf1 Qxg6) 24. bxc3 $18 Na7 25. a4 Qd7 26. Qg4 Qe8 27. Kh1 Rb6 28. Bc2 Rxb1 29. Rxb1 Qf7 30. Bb3 Qe8 31. Qe6 Nc6 32. Qg4 $2 (32. g4 $18) 32... h5 $2 {[%mdl 8192]} (32... Na7 $1 $11 {and Black has nothing to worry.} 33. Kh2 Bf6) 33. Qg3 Nd8 34. Rf1 Bh6 35. Qe1 Bg7 36. f5 Nc6 37. fxg6 Qxg6 38. Rxf8+ Bxf8 39. Qf2 Kg7 40. d4 e6 41. d5 exd5 42. Bxd5 Ne7 43. c4 {Threatening mate with Bc3+.} Nxd5 44. exd5 Be7 $2 (44... Qd3 45. Qf4 (45. Bxa5 Qxc4 46. Kh2 Qxa4 $18) 45... Kh7 46. Bxa5 (46. Qxf8 Qxd2 47. Qe7+ Kg8 $16) 46... Bg7 47. Qxd6 Qd1+ 48. Kh2 Qxa4) 45. Bc3+ Kg8 46. Qe2 Kf8 47. Bxa5 Bf6 48. Be1 ({Not} 48. Qe6 Qb1+ 49. Qe1 (49. Be1 Be5 $14) 49... Qc2 $16) 48... Qb1 49. g3 h4 $2 (49... Be5 {is a better defense.} 50. Kg2 Ke7) 50. Kg2 Bd4 51. g4 Qa1 52. a5 Kg8 53. a6 Qxa6 54. Bxh4 Qa1 55. Bf2 Be5 56. h4 {[%cal Bh3h4,Bh4h5][%mdl 32]} Qc1 57. Qe4 Qd2 58. g5 {[%cal Bg4g5,Bg5g6,Bg6g7][%mdl 32]} Kg7 59. Qf5 Qc3 (59... Qe2 $142 60. g6 Kh6) 60. g6 Bf6 61. h5 Qb2 62. Qf4 (62. Qd7+ $142 Kh6 63. Kf3 Bd4 64. Qh7+ Kg5 65. Qe7+ (65. Bxd4 Qxd4 66. g7 Qd1+ 67. Kg3 Qg1+ 68. Kf3 Qf1+ 69. Kg3 Qg1+ 70. Kf3 Qf1+ 71. Kg3 Qg1+ $11) 65... Kh6 66. Kg4 Qe2+ 67. Qxe2) 62... Qe2 63. Qf5 $2 (63. Qf3 $18 Qxc4 64. Bg3) 63... Bd4 $2 {[%mdl 8192]} (63... Qb2 $11 64. Qd7+ Kh6 65. Kf3 Bd4 66. Qh7+ Kg5 67. Qe7+ (67. Bxd4 Qxd4 68. g7 Qd1+ 69. Kg2 Qe2+ 70. Kh3 Qe3+ 71. Kh2 Qd2+ 72. Kg1 Qe1+ 73. Kg2 Qe2+ 74. Kh3 Qe3+ 75. Kg2 Qe2+ $11) 67... Kh6 68. Kg4 Qe2+ 69. Qxe2 Be5 70. Qf3 Bf4 71. Qxf4+ Kg7 72. Qf7+ Kh8 73. Qh7#) 64. Qf7+ Kh6 65. g7 $1 {[%csl Gh5][%cal Rf7g6]} Qg4+ 66. Bg3 Qe4+ $2 (66... Bxg7 67. Kh2 Qe2+ 68. Kh3 Qxh5+ 69. Qxh5+ Kxh5 70. Bxd6 Bd4) 67. Kh2 Qc2+ 68. Kh3 {White threatens Bf4+ and mate.} Bxg7 69. Bxd6 Qd3+ 70. Bg3 Kh7 71. Qg6+ Qxg6 72. hxg6+ Kxg6 {[%mdl 4096] Endgame KB-KB} 73. Kg4 Kf7 74. Kf5 $2 (74. Bf2 $18 {has better winning chances.} Bf8 75. Kf5) 74... Ke7 $16 75. Be5 Bf8 76. Kg6 Kd7 77. Bg7 Bd6 78. Kf5 Be7 79. Be5 Bf8 80. Ke4 Be7 81. Kd3 Bf8 82. Kc3 Kc8 83. Kb3 Kb7 84. Ka4 Kb6 85. Bc3 Bd6 86. Ba5+ Ka6 87. Bd8 Bf8 88. Bc7 {Strongly threatening d6.} Kb7 89. Bg3 {Black must now prevent Kb5.} Kb6 90. Bf4 Ka6 91. Kb3 $1 Kb7 92. Bg3 Kb6 93. Kc2 Kb7 94. Be5 Kc8 95. Kc3 Be7 96. Kd3 Kd7 97. Ke4 Bf8 98. Kf5 (98. Bf4 $16) 98... Be7 (98... Ke7 $11) 99. Kg6 ({White has to play} 99. Bg7 $1 $16) 99... Bd8 (99... Bf8 $1 $11 {remains equal.}) 100. Kf7 Bb6 101. Bf6 Ba7 $2 {[%mdl 8192]} (101... Ba5 $16 102. Be7 Bb4) 102. Be7 $18 Bb6 103. Bf8 Ba7 104. Kf6 Bb6 105. d6 $2 (105. Be7 $18 {aiming for Bf8.} Ba7 106. d6) 105... Bd8+ $11 106. Ke5 Bh4 107. Kd5 Bf2 108. Bg7 Bg3 109. Be5 Bf2 110. Bf4 Bg1 $1 111. Bg3 Bd4 $2 {[%mdl 8192]} (111... Be3 $11) 112. Be1 $1 $18 {[%cal Re1a5]} Be3 {[#]} 113. Ba5 $1 {[%cal Ra5b6]} Bf4 {[#]} 114. Bc7 $1 Be3 115. Bb6 Bf4 116. Bxc5 Bh2 117. Ba3 Bg3 118. c5 {[%cal Bc4c5,Bc5c6][%mdl 32]} Bf4 119. c6+ Kc8 120. Bb4 (120. d7+ $18 Kd8 121. Bb2 Bg5 122. Bc3 Ke7 123. Bb4+ Kf7 124. c7 Kg6 125. c8=Q) 120... Bg5 121. Ba5 {Precision: White = 74%, Black = 51%.} (121. d7+ $18 Kb8 122. Bd6+ Ka7 123. c7 Kb6 124. c8=Q Bd8 125. Qxd8+ Kb5 126. Qb8+ Ka5 127. d8=Q+ Ka6 128. Qdb6#) 1-0

[Event "10th KiiT Festival 2017"]
[Site "Bhubaneshwar"]
[Date "2017.06.02"]
[Round "10"]
[White "Erigaisi Arjun"]
[Black "Sahu, Sekhar Chandra"]
[Result "1-0"]
[WhiteElo "2338"]
[BlackElo "2167"]
[Annotator "TA"]
[PlyCount "109"]
[EventDate "2017.05.26"]
[EventType "swiss"]
[EventCountry "IND"]
[SourceTitle "playchess.com"]
[Source "ChessBase"]
[SourceQuality "1"]

{[%evp 12,109,0,4,32,29,70,69,81,68,89,51,51,52,53,58,59,51,66,61,67,67,96,99,95,90,105,61,79,62,66,41,41,-33,-34,-57,-71,-78,-61,-90,-90,-77,-81,-88,-84,-71,-43,-68,-47,-106,-83,-88,-79,-95,-14,-2,0,-44,-40,-71,-68,-136,-45,-79,-13,-164,-160,-113,-79,-87,-87,-87,-90,-85,-48,-57,0,-8,0,0,53,67,197,0,0,0,409,410,740,9,9,9,13,10,9,0,20,20,5089,332]} 1. d4 Nf6 2. c4 e6 3. Nc3 Bb4 4. e3 O-O 5. Nge2 Re8 6. a3 Bf8 7. Ng3 d6 {E46: Nimzo-Indian: Rubinstein: 4 e3 0-0 5 Ne2 without early Bd3} (7... d5 8. Be2 b6 9. cxd5 exd5 10. b4 Bb7 11. O-O Nbd7 12. Qb3 c6 13. Bf3 a6 14. Rd1 b5 15. e4 Nb6 {0-1 (51) Gupta,A (2627)-Wei,Y (2725) Liaocheng 2017}) 8. Bd3 e5 9. d5 c6 $146 {White is slightly better.} ({Predecessor:} 9... a5 10. O-O Nbd7 11. Rb1 c6 12. e4 g6 13. f3 h5 14. Be3 h4 15. Nge2 {1-0 (60) Pomes Marcet,J (2396)-Sanchez Botella,L (2185) La Roda 2006}) 10. e4 a6 11. b4 a5 12. Rb1 axb4 13. axb4 Na6 14. O-O c5 15. bxc5 Nxc5 16. Be3 Ng4 17. Bxc5 $1 dxc5 18. h3 Nf6 19. Nb5 g6 20. Ra1 Ra6 21. Rxa6 bxa6 22. Na7 (22. Nc3 $14) 22... Bd7 $15 23. Bc2 Qc7 24. Nc6 Bxc6 25. dxc6 Rd8 26. Qa1 Qxc6 27. Qxe5 Rd4 28. Rd1 Rxc4 29. Bb3 Rb4 30. Qc3 (30. Ba2 $15 Qb6 31. Qf4) 30... c4 31. Bc2 Rb8 32. e5 Ne8 (32... Nd5 $17 33. Qf3 Nb4) 33. Be4 $11 Qa4 34. Rc1 Bh6 35. Ra1 Qb3 36. Qe1 ({White should play} 36. Ra3 $15 Qxc3 37. Rxc3) 36... Rd8 (36... Qb2 $1 $17 37. e6 f5) 37. Rb1 Qa4 ({Black should try} 37... Qa2 $17 38. Qe2 Qxe2 39. Nxe2 Nc7) 38. Kh2 $2 (38. Bf3 $11) 38... Bd2 $19 39. Qe2 c3 40. e6 fxe6 {[#]} 41. Bc2 $1 {[%mdl 512]} Qc6 ({Don't go for} 41... Qxc2 $2 42. Qxe6+ Kh8 43. Qe7 $18) 42. Ne4 Kg7 43. Rb4 a5 44. Rc4 $1 {[%cal Rc4c6]} Qb5 45. Nc5 {[#]} Rd5 (45... Bf4+ $1 $11 {[%mdl 512]} 46. Kg1 (46. Rxf4 Qxe2) 46... Nc7) 46. Nxe6+ $14 Kf6 {[#]} (46... Kg8 $1 $14) 47. Ba4 $2 (47. f4 $1 $18) 47... Qb8+ $11 48. f4 {Hoping for Qe4.} Nd6 $2 {[%mdl 8192]} (48... c2 $1 $11 {and Black is okay.} 49. Bxc2 Qd6) 49. Nc7 $18 Qg8 {[#]} (49... Rf5 $142 50. Qe6+ Kg7 51. Qxd6 Kh6) 50. Nxd5+ $2 (50. Rd4 $1 $18 {[%mdl 512]} Rf5 (50... Rxd4 51. Qe5+) 51. Rxd6+ Kg7 52. Ne6+ Kh6 53. Rxd2 Qxe6 54. Qxe6 cxd2 55. Qd7) 50... Qxd5 $11 51. Rc6 $36 {[%mdl 2048] And now g3 would win. Black is under pressure.} Bxf4+ 52. g3 Be5 $1 53. Qf2+ Ke6 (53... Kg7 $5 {[%cal Rd6f5]} 54. Rc7+ Nf7 $11) 54. Rc7 {Bd7+ is the strong threat.} h5 $2 {[%mdl 8192]} (54... Bxg3+ $11 55. Qxg3 Qa2+ 56. Kg1 Qxa4) 55. Bd7+ {Precision: White = 45%, Black = 29%.} 1-0

[Event "10th KiiT Festival 2017"]
[Site "Bhubaneshwar"]
[Date "2017.06.02"]
[Round "10"]
[White "Arjun Kalyan"]
[Black "Krishna Teja, N."]
[Result "1-0"]
[WhiteElo "2322"]
[BlackElo "2406"]
[Annotator "TA"]
[PlyCount "113"]
[EventDate "2017.05.26"]
[EventType "swiss"]
[EventCountry "IND"]
[SourceTitle "playchess.com"]
[Source "ChessBase"]
[SourceQuality "1"]

{[%evp 18,113,62,77,58,58,66,72,105,104,112,82,98,100,90,61,77,68,121,56,72,0,135,0,67,0,12,-20,-27,-16,-37,-22,-21,-25,10,0,134,138,138,138,138,132,163,150,160,155,156,148,166,168,211,211,275,262,413,407,423,420,793,460,778,452,1316,458,458,456,500,497,450,441,721,551,529,508,881,679,831,828,808,804,827,847,924,916,887,784,12839,817,12840,12840,12844,12844,12844,1472,12845,12845,12846,12846]} 1. e4 c5 2. Nf3 e6 3. d4 cxd4 4. Nxd4 a6 5. Bd3 Bc5 6. Nb3 Ba7 7. O-O Nc6 8. Qg4 Nf6 9. Qxg7 Rg8 10. Qh6 Ne5 {aiming for ...Neg4. B42: Sicilian: Kan Variation: 5 Bd3} 11. Be2 $1 b5 12. Bg5 Rg6 {White is better.} 13. Qh4 h6 14. Bxf6 Rxf6 15. N1d2 Bb7 16. a4 Ng6 $1 {[%cal Rg6h4]} 17. Qg3 Bb8 {[#]} (17... b4 $14) 18. Qe3 $146 (18. Qc3 $1 $16) ({Predecessor:} 18. Qc3) 18... Ba7 $14 19. Qg3 (19. Nc5 $142) 19... Bb8 $1 $16 {[%cal Rb8g3] [#]} 20. Qe3 (20. Qc3 $1 $16) 20... Ba7 $1 $14 {[%cal Ra7e3]} 21. Qc3 ({White should play} 21. Nc5 $14) 21... Nf4 $11 22. Bf3 {And now axb5 would win.} Rc8 23. Qb4 Rxc2 {White must now prevent ...Rg6.} 24. axb5 Qb6 25. Qa5 {Hoping for Qxb6.} Qxa5 26. Rxa5 {Threatening e5.} Bb6 (26... Rg6 $11 {keeps the balance.}) 27. bxa6 $16 Bxa5 28. axb7 Bc7 29. Ra1 e5 {With the idea ...Rb6.} 30. Ra8+ Ke7 {...Rb6 is the strong threat.} 31. b8=Q Bxb8 32. Rxb8 Rd6 33. g3 Ne6 34. Nf1 {Strongly threatening Ne3.} Ng5 35. Bg2 Rxb2 (35... Rd1 {keeps fighting.} 36. h4 Ne6) 36. h4 $18 Ne6 37. Ne3 Rc6 (37... Nd4 $142 38. Nxd4 Rxb8) 38. Nf5+ {White is clearly winning.} Kf6 {[#]} 39. Nc5 $1 {[%mdl 512]} Rd2 (39... Rxb8 $142 40. Nxd7+ Kg6) (39... Rxc5 40. Rxb2) 40. Nxe6 (40. Rh8 $142 {[%cal Rh8h6]} Nf8 41. Rxf8) 40... dxe6 41. Nxh6 Rc1+ 42. Kh2 Kg7 43. Ng4 f5 (43... Rdc2 $142 44. Nxe5 Rc8) 44. exf5 exf5 45. Rb7+ Kg8 (45... Kg6 $142 46. Rd7 Rxd7 47. Nxe5+ Kf6 48. Nxd7+ Ke6) 46. Nxe5 Rcc2 47. Ng6 Rxf2 48. Nf4 Rb2 49. Re7 Rb5 50. Kh3 Rd2 51. h5 Rd4 52. Kh4 (52. h6 $142 Rb6 53. Rg7+ Kh8 54. Ng6+ Rxg6 55. Rxg6) 52... Kf8 53. Rc7 Rb2 54. Bd5 Rf2 55. Rf7+ (55. Kg5 $142 Rfxf4 56. Rc8+ Ke7 57. gxf4) 55... Kg8 56. Rxf5+ Kh8 57. Kg5 {Precision: White = 61%, Black = 42%.} 1-0